000 00309 a2200157 4500
001 175617
020 _a
040 _cMagnum
100 _a-
240 1 0 _aCopasa
_lpor
245 1 0 _aCopasa
362 0 _a1899
440 1 _aFundação João Pinheiro
697 _aMAGNITO: ESTUDOS SOCIAIS
942 _cBK
999 _c175617
_d175617